• 首页
  • 本馆介绍
  • 公告通知
  • 最新文献
  • 馆藏检索
  • 电子资源
  • 读者导购
  • 参考咨询
  • 我的图书馆
  • 登录
  • 详细信息显示
  • 放入我的书架
  • 预约/预借图书
  • 作者相关作品
  • 分类相关作品
  • 丛书相关作品
  • 出版社相关作品

书目信息

  • 表格格式
  • 工作单格式
  • 卡片格式
题名:
抗战中的国民革命军三十二军
    
 
作者: 唐荻 著
分册:  
出版信息: 北京   中国文史出版社  2016
页数: 337页
开本: 24cm
丛书名:
单 册:
中图分类: K265.210.6
科图分类:
主题词:
电子资源:
ISBN: 978-7-5034-8028-7
000 01087nam0 22002411 450
001 0119165221
005 20170619165221.0
010    @a978-7-5034-8028-7@dCNY45.00
100    @a20161012d2016 em y0chiy50 ea
101 0  @achi
102    @aCN@b110000
105    @aa z 000yy
106    @ar
200 1  @a抗战中的国民革命军三十二军@9kang zhan zhong de guo min ge ming jun san shi er jun@f唐荻著
210    @a北京@c中国文史出版社@d2016
215    @a337页@c图,照片@d24cm
314    @a唐荻,教授、博士,曾任北京科技大学冶金工程研究院院长,北京科技大学设计研究院有限公司董事长,现为钢铁共性技术协同创新中心首席科学家,中国金属学会材料深加工分会主任委员,长期从事金属材料加工制备技术研究。
330    @a全书从抗战中三十二军的创建和早期发展讲起,直到抗战结束、胜利受降。书中重点介绍了三十二军的创建人商震将军、另外两位军长宋肯堂和唐永良将军级部分参战少将,讲述了三十二军参加过的一些重要战役。
601 02 @a国民党军@Aguo min dang jun@x抗日战争@j史料
690    @aK265.210.6@v5
701  0 @a唐荻@9tang di@4著
801  0 @aCN@b百万庄@c20170616
905    @b1010361-6@dK265.210.6@e130@f6
    
    抗战中的国民革命军三十二军/唐荻著.-北京:中国文史出版社,2016
    337页:图,照片;24cm
    
    
    ISBN 978-7-5034-8028-7:CNY45.00
    全书从抗战中三十二军的创建和早期发展讲起,直到抗战结束、胜利受降。书中重点介绍了三十二军的创建人商震将军、另外两位军长宋肯堂和唐永良将军级部分参战少将,讲述了三十二军参加过的一些重要战役。
●
相关链接 在E读中查询图书 在五车中查询图书 在当当中查询图书 在豆瓣中查询图书


正题名:抗战中的国民革命军三十二军     索取号:K265.210.6/130         预约/预借

序号 登录号 条形码 馆藏地/架位号 状态 备注
1 1010361   210103617   第二样本阅览室/ [索取号:K265.210.6/130] 在馆    
2 1010362   210103626   教育系资料室/ [索取号:K265.210.6/130] 在馆    
3 1010363   210103635   教育系资料室/ [索取号:K265.210.6/130] 在馆    
4 1010364   210103644   教育系资料室/ [索取号:K265.210.6/130] 在馆    
5 1010365   210103653   第二借阅区/ [索取号:K265.210.6/130] 在馆    
6 1010366   210103662   第二借阅区/ [索取号:K265.210.6/130] 在馆    
唐山师范学院图书馆 欢迎您!
大连网信软件有限公司© 版权所有